000 00669nam a2200205 a 4500
005 20230526063529.0
008 030815s2000 mx r 000 0 spa d
020 _a9508921005
035 _aUPN01000127973
049 _aCG
050 4 _aT14.5
_bR6.3
100 1 _aRomano, Eduardo M
245 1 3 _aLa cultura digital :
_bnavegantes de Internet, personalidades interactivas y agrupamientos virtuales /
_cEduardo M. Romano.
260 _aBuenos Aires :
_bLugar,
_cc2000.
300 _a167 p.
650 4 _aTECNOLOGIA -
_xASPECTOS SOCIALES
_917869
650 4 _aInternet
_xAspectos sociales
_96033
650 4 _aCIBERESPACIO -
_xASPECTOS SOCIALES
_99636
905 _aLibro
999 _c100152
_d100152